[Event "92nd ARG-ch Final 2017"]
[Site "Buenos Aires"]
[Date "2017.10.21"]
[Round "10"]
[White "Krysa, Leandro"]
[Black "Dolezal, Cristian"]
[Result "1/2-1/2"]
[WhiteElo "2545"]
[BlackElo "2426"]
[Annotator "TA"]
[PlyCount "102"]
[EventDate "2017.10.12"]
[EventType "tourn"]
[EventCountry "ARG"]
[SourceTitle "playchess.com"]
[Source "ChessBase"]
[SourceQuality "1"]

{[%evp 13,102,47,91,0,49,36,53,50,43,46,43,45,48,56,98,98,108,94,150,74,72,63,80,0,26,19,20,21,32,23,91,94,144,143,143,141,169,172,178,166,164,172,164,102,108,108,140,137,164,164,164,164,157,141,143,43,70,-9,-5,-173,-158,-365,-363,-772,-784,-771,-762,-651,-8,-8,-8,-8,-8,-8,0,0,14,0,0,0,0,0,0,0,0,0,0,0,0,0,0]} 1. Nf3 g6 2. d4 Bg7 3. c4 c5 4. e4 d6 5. Be2 Nf6 6. Nc3 O-O 7. O-O b6 {LiveBook: 5 Partien} 8. e5 {E91: Königsindisch (Klassisches System)} (8. d5 $16) (8. d5 e6 9. h3 exd5 10. cxd5 a6 11. a4 Re8 12. Qc2 Nbd7 13. Bf4 Qe7 14. Nd2 Ne5 15. Bh2 g5 16. Bxe5 dxe5 17. Nc4 Qd8 18. Qb3 {1-0 (40) Rukavina,J (2423)-Kristovic,M (2320) Pula 2009}) 8... dxe5 9. dxe5 Ng4 10. h3 {Weiß steht etwas besser.} Nh6 $1 {[%cal Bg4h6,Bh6f5,Bf5e7,Be7c6,Bc6d4][%mdl 32]} 11. Qd5 Qxd5 12. cxd5 Nf5 $146 ({Vorgänger:} 12... Nd7 13. g4 Bb7 14. Bf4 a6 15. a4 Rac8 {1-0 (24) Godoy,M (2027)-Troncoso Flores,A (2000) ICCF email 2007}) 13. Bf4 Ba6 14. Bxa6 Nxa6 15. Rad1 $1 e6 (15... h5 $142) 16. g4 (16. d6 $142) 16... Ne7 $16 17. d6 Nc6 $1 18. d7 (18. Nb5 $16) 18... Rad8 19. Rd6 Nab8 20. Rfd1 {und nun wäre Kg2 stark für Weiss.} f6 {[%cal Rf6e5]} 21. Kg2 fxe5 (21... Nd4 $11 {bleibt in der Remisbreite.} 22. exf6 Nxf3 23. Rxe6 (23. Kxf3 Bxf6 24. Ke4 Rf7 $11) (23. fxg7 Rxf4 24. Rxe6 Nxd7 $17) 23... Bxf6 24. Kxf3 Bxc3 25. bxc3 g5) 22. Bg5 Nd4 23. Bxd8 Rxd8 24. Ng5 Bf8 25. Nxe6 Bxd6 26. Nxd8 Be7 27. Nb7 Nxd7 28. Ne4 ({Günstiger ist} 28. a4 $1 $18) 28... Kf7 29. Nbd6+ $1 Ke6 30. Nc8 a5 31. Nxe7 Kxe7 $18 {[%mdl 4096] Endspiel KTS-KSS} 32. a4 Nf8 33. Ng5 Kd6 34. Nf3 (34. h4 $16) 34... Nfe6 $14 35. Nxd4 (35. Nd2 $14) 35... cxd4 {[%cal Bc5d4,Bd4d3][%mdl 32] KT-KS} 36. f3 $2 {[#]} (36. Rb1 $11 {und Weiss ist OK.}) 36... Kd5 $1 $19 {[%mdl 1024] Schwarz hat starke Kompensation.} 37. b3 $2 (37. Kf1 $17) 37... Nc5 38. Rb1 $2 {[#]} (38. Kf2 Nxb3 39. Ke2) 38... d3 $1 39. Kf2 Kd4 40. b4 axb4 $2 ({Besser ist} 40... Nxa4 $19 41. bxa5 bxa5) 41. Rxb4+ $11 {Die Stellung ist ausgeglichen.} Kc3 42. Rxb6 {Schwarz muss nun a5 beachten.} Nxa4 43. Rd6 $132 {[%mdl 2048] Weiss is fighting back} Nb2 44. Ke1 $1 {Droht stark g5.} Nc4 45. Rc6 g5 46. Rc7 h6 47. Rc8 Kd4 48. Rc7 Nb2 49. Kd2 {Td7+ ist eine echte Drohung.} Nc4+ 50. Ke1 Nb2 51. Kd2 {Und weiter mit Td7+ wäre nett.} Nc4+ {Precision: Weiß = 39%, Schwarz = 47%.} 1/2-1/2

[Event "92nd ARG-ch Final 2017"]
[Site "Buenos Aires"]
[Date "2017.10.21"]
[Round "10"]
[White "Real De Azua, Ernesto"]
[Black "Slipak, Sergio"]
[Result "1/2-1/2"]
[WhiteElo "2484"]
[BlackElo "2437"]
[Annotator "TA"]
[PlyCount "42"]
[EventDate "2017.10.12"]
[EventType "tourn"]
[EventCountry "ARG"]
[SourceTitle "playchess.com"]
[Source "ChessBase"]
[SourceQuality "1"]

{[%evp 20,42,0,0,9,-8,22,0,0,0,0,0,0,-2,11,8,16,16,18,13,26,0,0,0,0]} 1. Nf3 d5 2. c4 e6 3. g3 Nf6 4. Bg2 c5 5. O-O Nc6 6. b3 d4 7. e3 {A13: Reti-Eröffnung} e5 (7... Be7 8. exd4 cxd4 9. d3 O-O 10. Re1 Ne8 11. a3 a5 12. Nbd2 f6 13. Rb1 e5 14. Nh4 Nc7 15. Qh5 Qe8 16. Qxe8 Rxe8 {½-½ (132) Topalov,V (2761)-Nakamura,H (2787) Leuven 2016}) 8. exd4 exd4 9. d3 Be7 10. Bf4 O-O 11. Ne5 {LiveBook: 7 Partien} Nxe5 12. Bxe5 Bd6 13. Bxd6 $146 ({Vorgänger:} 13. Bxf6 Qxf6 14. Nd2 Rb8 {½-½ (43) Mamedov,R (2652)-Batsiashvili,N (2442) Doha 2014}) 13... Qxd6 14. Nd2 Rb8 15. Ne4 Nxe4 16. Bxe4 f5 17. Bd5+ Be6 18. Bxe6+ Qxe6 19. Re1 Qc6 20. Qh5 g6 21. Qh3 Rbe8 1/2-1/2

[Event "92nd ARG-ch Final 2017"]
[Site "Buenos Aires"]
[Date "2017.10.21"]
[Round "10"]
[White "Sosa, Tomas"]
[Black "Valerga, Diego"]
[Result "1/2-1/2"]
[WhiteElo "2466"]
[BlackElo "2452"]
[Annotator "TA"]
[PlyCount "73"]
[EventDate "2017.10.12"]
[EventType "tourn"]
[EventCountry "ARG"]
[SourceTitle "playchess.com"]
[Source "ChessBase"]
[SourceQuality "1"]

{[%evp 13,73,42,36,43,64,78,85,70,82,78,88,59,61,65,89,51,63,64,59,85,89,74,82,65,96,86,91,65,128,49,107,116,123,108,164,144,204,140,145,118,114,122,121,98,103,87,118,106,110,21,9,21,31,-63,0,-67,-61,-98,-49,-197,-187,-183]} 1. e4 {[%cal Be2e4,Be4e5][%mdl 32]} Nf6 2. e5 Nd5 3. c4 Nb6 4. d4 d6 5. exd6 exd6 6. Nc3 Bf5 {B03: Alekhine's Defence: Four Pawns Attack} (6... Be7 7. h3 O-O 8. Nf3 Re8 9. Be2 Bf6 10. O-O Nc6 11. Be3 Bf5 12. b3 a5 13. Rc1 a4 14. c5 dxc5 15. dxc5 Qxd1 16. Rfxd1 axb3 17. axb3 Bxc3 18. Rxc3 Nc8 {0-1 (86) Inarkiev,E (2694)-Yuffa,D (2527) Sochi 2017}) 7. Be3 Nc6 {LiveBook: 5 Games} 8. Nf3 Bg4 {White is slightly better.} 9. h3 Bh5 10. b3 $146 ({Predecessor:} 10. Be2 Be7 11. O-O O-O 12. d5 Bxf3 13. Bxf3 Ne5 14. b3 {½-½ (31) Zednik,M (1917)-Glembek,B (2120) ICCF email 2004}) 10... Be7 11. Be2 O-O 12. O-O Re8 13. Qd2 Nd7 14. Nd5 Nf6 15. Nf4 d5 16. a3 Bg6 17. Nxg6 hxg6 18. Rfd1 Bf8 19. Qc2 Ne7 20. g4 c6 (20... dxc4 $14 21. bxc4 Nc6) 21. Ne5 (21. c5 $16) 21... Nc8 (21... dxc4 $14 22. bxc4 c5) 22. c5 $16 Ne4 23. Bd3 Qh4 (23... Be7 $16) 24. Kg2 $1 $18 ({Much less strong is} 24. Bxe4 $6 dxe4 25. Qxe4 Ne7 $14) 24... Ne7 (24... Ng5 $16 {was necessary.} 25. Bxg5 Qxg5) 25. Bf4 g5 26. Bh2 ({Don't play} 26. Bxe4 $6 dxe4 27. Bg3 Qh7 $11) 26... f6 27. Nf3 ({Stronger than} 27. Bxe4 fxe5 28. Bf5 Nxf5 $15) 27... Qh7 {[#]} 28. Ng1 $1 Ng6 29. f3 Nf4+ 30. Bxf4 $1 gxf4 31. Re1 ({White should try} 31. fxe4 $16 dxe4 32. Bc4+ Kh8 33. Qf2 f3+ 34. Kh1) 31... f5 $11 32. gxf5 Nf6 {[%cal Be4f6,Bf6h5,Bh5g3][%mdl 32]} 33. Re5 (33. Re6 $14) 33... Qh4 {[#]} (33... Rxe5 $1 $15 34. dxe5 Nd7) 34. Kh1 (34. Rae1 $1 $11 {[%mdl 512]}) 34... Nh5 {[%mdl 1024] Black has compensation.} 35. b4 g6 36. Qg2 ({White should play} 36. f6 $15 Qxf6 37. Rae1 Rxe5 38. Rxe5) 36... Ng3+ $19 37. Kh2 {Precision: White = 39%, Black = 41%.} 1/2-1/2

[Event "92nd ARG-ch Final 2017"]
[Site "Buenos Aires"]
[Date "2017.10.21"]
[Round "10"]
[White "Pierrot, Facundo"]
[Black "Mareco, Sandro"]
[Result "0-1"]
[WhiteElo "2405"]
[BlackElo "2644"]
[Annotator "TA"]
[PlyCount "142"]
[EventDate "2017.10.12"]
[EventType "tourn"]
[EventCountry "ARG"]
[SourceTitle "playchess.com"]
[Source "ChessBase"]
[SourceQuality "1"]

{[%evp 20,142,0,-16,-7,-13,-20,-11,-9,-23,-25,-27,-26,-23,-14,-28,-14,-18,-15,-28,-15,-14,-18,-27,-20,-30,-27,-19,-17,-31,-22,-39,-37,-41,-17,-13,-15,-34,-33,-37,-34,-58,-53,-64,-72,-93,-71,-97,-48,-65,-50,-50,-47,-46,-53,-58,-64,-84,-46,-93,-62,-85,-18,-63,-43,-131,-121,-121,-107,-121,-118,-112,-75,-241,-233,-344,-84,-104,-57,-57,-5,-5,0,0,0,-2,0,0,0,0,0,0,0,0,0,0,0,-1,0,0,0,0,0,0,0,0,0,0,0,0,0,0,0,0,0,0,0,0,0,-28,-35,-283,-283,-265,-254]} 1. e4 c5 2. Nf3 Nc6 3. c3 Nf6 4. e5 Nd5 5. d4 cxd4 6. Bc4 e6 7. cxd4 d6 8. O-O Be7 9. Bxd5 exd5 10. Nc3 {B22: Sicilian: 2 c3} Be6 11. Bf4 {LiveBook: 5 Games} (11. Nb5 O-O 12. Nxd6 Bxd6 13. exd6 Qxd6 14. h3 h6 15. Re1 Rfe8 16. Ne5 Bf5 17. Nxc6 Qxc6 {½-½ (26) Ni,H (2696)-Yu,Y (2734) Shenzhen 2015}) 11... dxe5 12. Nxe5 {The position is equal.} Rc8 13. Re1 O-O 14. Rc1 Nxe5 15. Bxe5 Qd7 16. h3 $146 ({Predecessor:} 16. Qd3 Rfe8 17. Qg3 f6 18. Bf4 Bf8 19. Qd3 a6 20. h3 Bf7 21. Bd2 Rxe1+ 22. Rxe1 Bg6 23. Qf3 Bf7 {½-½ (23) Narciso Dublan,M (2487)-Comas Fabrego,L (2509) Mataro 2005}) 16... Rc6 17. Qf3 Rfc8 18. Ne2 f6 19. Bf4 Rc2 20. Rxc2 Rxc2 21. Qb3 Rc4 22. Qe3 Bb4 23. Rc1 Bf7 24. b3 Rc6 25. Rxc6 Qxc6 26. Qc1 Qe6 27. Be3 Bd6 28. Nf4 Qd7 29. f3 g5 30. Nd3 Qf5 31. Nf2 h5 32. Bd2 Bg6 33. a3 Qe6 34. Bb4 Bf4 35. Bd2 $1 Bg3 36. Nh1 Bd6 $36 {[%mdl 2048] Black has the initiative.} 37. Bb4 Bb8 38. Nf2 b6 39. a4 a5 40. Bd2 $1 Bd6 ({Better is} 40... Qf5 $17 {Threatens to win with ...Qc2.} 41. Nd1 Kg7) 41. Nd1 Qe2 42. Nc3 (42. Ne3 $1 $15) 42... Qd3 $17 43. Nb5 Bg3 $1 44. b4 axb4 45. Bxb4 Be8 46. Be1 $2 {[#]} (46. Bd6 $17 {was worth a try.} h4 47. Bxg3 hxg3 48. Kh1) 46... Bf4 $1 $19 {[%cal Rf4c1]} 47. Qc3 {[#]} (47. Qc8 {might work better.} Qe2 48. Bb4) 47... Qe2 $2 (47... Qd1 $1 $19 {has better winning chances.} 48. Kf1 Qxa4) 48. Bf2 $17 h4 49. Qe1 Bxb5 (49... Qxe1+ $15 50. Bxe1 Kf7) 50. axb5 $11 Qxb5 51. Qe6+ $1 Kg7 {aiming for ...Qb1+.} 52. Kh1 Bd2 53. Qe7+ Kg6 54. Qf8 Qd7 55. Qg8+ Kf5 56. g4+ hxg3 $1 57. Bxg3 Bf4 58. Bf2 Bc7 59. h4 {Hoping for h5.} Qd8 (59... Kf4 $5 60. Kg2 $8 gxh4 61. Bxh4 Ke3 $11) 60. Qh7+ Ke6 61. h5 Bf4 62. h6 Qf8 63. Kg2 {[#]} g4 $1 {[%mdl 512]} 64. fxg4 {Black must now prevent Qf5+.} Qxh6 65. Qg8+ Ke7 66. Qxd5 Qh2+ 67. Kf1 Qh3+ 68. Ke1 {And now Qe4+ would win.} Qd3 {( -> ...Bd2+)} 69. Qa2 Be3 70. Bxe3 $2 (70. Qb2 $1 $15) 70... Qxe3+ $19 71. Kf1 Qf3+ {Precision: White = 50%, Black = 61%.} ({Much less strong is} 71... Qxd4 72. Qa6 $17) 0-1

[Event "92nd ARG-ch Final 2017"]
[Site "Buenos Aires"]
[Date "2017.10.22"]
[Round "11"]
[White "Mareco, Sandro"]
[Black "Krysa, Leandro"]
[Result "1-0"]
[WhiteElo "2644"]
[BlackElo "2545"]
[Annotator "TA"]
[PlyCount "149"]
[EventDate "2017.10.12"]
[EventType "tourn"]
[EventCountry "ARG"]
[SourceTitle "playchess.com"]
[Source "ChessBase"]
[SourceQuality "1"]

{[%evp 20,149,0,0,0,0,12,6,0,0,2,6,6,0,0,-18,9,0,2,0,130,139,149,137,277,282,271,254,253,156,153,183,158,163,196,184,317,324,304,223,257,151,156,162,174,179,166,176,179,164,160,141,140,150,136,138,131,144,139,141,139,177,188,137,209,211,295,298,354,262,293,281,249,240,198,183,192,178,253,233,281,265,261,213,412,357,314,153,172,178,296,292,300,307,272,269,516,491,622,658,657,646,554,425,396,276,431,384,329,8,8,8,8,8,8,8,8,8,8,8,8,0,132,131,131,131,1921,0,29978,29979,29977,29977]} 1. b3 Nf6 2. Bb2 g6 3. e4 d6 4. g3 Bg7 5. Bg2 O-O 6. d4 e5 7. dxe5 dxe5 8. Nd2 Re8 9. Ngf3 {[%cal Bg1f3,Bf3d2,Bd2f1,Bf1e3,Be3d5][%mdl 32]} Nbd7 10. O-O b6 11. Nc4 {LiveBook: 3 Games. A07: Réti Opening: New York and Capablanca Systems} Bb7 12. Nfd2 Nc5 $146 {[%cal Rf6e4]} ({Predecessor:} 12... Qe7 13. a4 a6 14. Re1 Rad8 15. Qe2 h5 16. f3 h4 17. Nf1 Nh5 18. Qf2 Qe6 {1-0 (33) Todorcevic,M (2530)-Lautier,J (2465) Palma de Mallorca 1989}) 13. Re1 {The position is equal.} Nfd7 14. a4 a5 15. Nf1 Ne6 16. Nfe3 Ndc5 17. Bxe5 Bxe4 18. Nd5 Bxe5 19. Nxe5 {[%cal Bc4e5,Be5g4,Bg4f6][%mdl 32]} Ng5 (19... Qxd5 $1 $11 20. Qxd5 Bxd5 21. Bxd5 Rad8) 20. Ng4 $1 $16 Re6 21. h4 $40 {[%mdl 128] Black is in trouble.} Bxg2 (21... Qxd5 $16 22. Qxd5 Bxd5 23. Bxd5 c6) 22. Kxg2 $18 Nge4 23. Qd4 {Threatening mate with Nh6+.} Qf8 24. Ngf6+ ({Don't take} 24. Nxc7 $6 Rd6 $16) 24... Nxf6 25. Nxf6+ Kh8 26. Ne8+ Kg8 27. Nxc7 Rxe1 (27... Rd6 $142 28. Qf4 Rad8) 28. Rxe1 Rd8 29. Qf6 Nd7 30. Qf3 (30. Qf4 $18) 30... Qd6 $16 31. Nb5 Qf6 32. Rd1 {Black must now prevent Qxf6.} Qxf3+ 33. Kxf3 $18 {[%mdl 4096] Endgame KRN-KRN} Ne5+ 34. Ke2 Re8 35. f3 Kf8 36. Kf2 Rc8 37. c3 Ke7 38. Re1 Kf6 {With the idea ...Nd3+.} 39. Re4 Nd3+ 40. Ke3 Nc5 41. Rf4+ (41. Nd6 $18 Nxe4 42. Nxc8) 41... Ke6 {[#]} (41... Ke5 $16) 42. Rxf7 $1 {[%mdl 512]} h5 (42... Kxf7 43. Nd6+) 43. Rc7 Re8 44. b4 axb4 45. cxb4 Kd5+ 46. Kd2 Nxa4 47. Rg7 Rf8 48. f4 Rf6 (48... Kc4 $142) 49. Rc7 $1 Ke4 50. Ke2 $1 Kd5 51. Kd3 Rf8 $2 (51... Rc6 {keeps fighting.} 52. Rxc6 Kxc6) 52. Rc2 Rd8 53. Ra2 (53. Nc7+ $18 {is more deadly.} Kd6 54. Nb5+ Kd5 55. Rd2 Kc6+ 56. Nd4+ Kb7 57. Re2) 53... Nc5+ $16 54. Ke3 ({But not} 54. bxc5 $6 Kxc5+ 55. Ke4 Kxb5 $11) 54... Nb3 (54... Ne6 {might work better.}) 55. Rc2 $1 $18 Re8+ 56. Kd3 Re1 {If Black can now play ...Rd1+ this consolidates a bit.} 57. Nc3+ Kd6 $2 (57... Ke6 {was called for.} 58. Rb2 Na1) 58. Rb2 Na1 59. Rb1 Rxb1 60. Nxb1 {KN-KN} Nb3 61. Kc4 Nc1 {intending ...Ne2.} 62. Nc3 Kc6 (62... Ke6 $142 63. Kb5 Nd3) 63. b5+ Kd6 64. Nd5 $2 ({White has to play} 64. Kd4 $1 $18) 64... Ne2 $11 65. Nxb6 {Kb4 is the strong threat.} Nxg3 66. Kb4 {And now Ka5 would win.} Ne2 67. Nc4+ Kc7 68. b6+ Kb8 69. Kb5 Nxf4 70. Na5 (70. Ne5 {seems wilder.} Kb7 71. Nd7 Nd5 72. Nc5+ Kc8 73. b7+) 70... Nd5 (70... Ne6 $1 $11) 71. Kc5 $16 Nf4 72. Kc6 $1 {Threatens to win with b7.} Ne6 $2 {[%mdl 8192]} (72... g5 $16) 73. Kb5 $2 ({White must play} 73. b7 $18 {Intending Kb6 and mate.} Nf8 74. Nc4) 73... Nd4+ $2 {[%mdl 8192] [#]} (73... Kc8 $11) 74. Ka6 $1 Kc8 {[#]} 75. b7+ $1 {Precision: White = 68%, Black = 45%.} 1-0

[Event "92nd ARG-ch Final 2017"]
[Site "Buenos Aires"]
[Date "2017.10.22"]
[Round "11"]
[White "Valerga, Diego"]
[Black "Perez Ponsa, Federico"]
[Result "0-1"]
[WhiteElo "2452"]
[BlackElo "2594"]
[Annotator "TA"]
[PlyCount "74"]
[EventDate "2017.10.12"]
[EventType "tourn"]
[EventCountry "ARG"]
[SourceTitle "playchess.com"]
[Source "ChessBase"]
[SourceQuality "1"]

{[%evp 19,74,0,0,0,0,0,0,0,0,4,31,20,32,22,20,-29,-16,-25,-27,-58,-37,-21,-35,-67,-41,-72,-58,-126,-72,-127,-127,-202,-177,-233,-229,-253,-254,-254,-264,-350,-362,-399,-425,-464,-458,-534,-523,-477,-339,-386,-365,-355,-339,-356,-356,-325,-327]} 1. e4 c6 2. d4 d5 3. Nd2 dxe4 4. Nxe4 Bf5 5. Ng3 Bg6 6. h4 h6 7. Nf3 e6 8. h5 Bh7 9. Bd3 Bxd3 10. Qxd3 Nf6 11. Ne4 {B19: Classical Caro-Kann: 4...Bf5 main line} (11. Bd2 c5 12. Ne4 Nc6 13. Bc3 cxd4 14. Nxd4 Nb4 15. Nxf6+ gxf6 16. Bxb4 Bxb4+ 17. c3 Be7 18. O-O-O Qb6 19. Qb5+ Kf8 {1-0 (55) Wei,Y (2727)-Wang,H (2690) China 2017}) 11... Nxe4 12. Qxe4 Nd7 13. Bd2 {The position is equal.} Nf6 14. Qe2 Qd5 15. c4 Qf5 16. O-O-O $146 ({Predecessor:} 16. Rh4 Bd6 17. Ne5 Rf8 18. O-O-O O-O-O 19. Rh3 Bxe5 20. dxe5 {1-0 (57) Kos,T (2310)-Zunic,M Zadar 1999}) 16... Bd6 17. Ne1 b5 18. c5 Bc7 $36 {[%mdl 2048] Black is more active.} 19. Nc2 O-O-O 20. a4 a6 21. Rh3 Kb7 22. Rdh1 Qd5 23. Rf3 {[#]} (23. f4 $15) 23... Rhe8 (23... e5 $142 $1 24. dxe5 Rhe8) 24. Be3 ({Better is} 24. Rh4) 24... e5 $17 {[%cal Re5d4]} 25. Rd1 (25. Nb4 $17 {was worth a try.} Qe4 26. Rxf6 exd4 27. axb5) 25... exd4 26. Rxd4 (26. Nxd4 $142 Qxc5+ 27. Qc2) 26... Qxh5 $19 27. axb5 axb5 28. Qd1 Ne4 29. g4 {[#]} Qg6 $1 ({Not} 29... Qxg4 30. Rxf7 Qg6 31. Rdd7 $15) (29... Rxd4 $2 30. Qxd4 Qg6 31. Qd7 $19) 30. Rf5 Qe6 31. Qf3 f6 32. Rh5 Rxd4 33. Bxd4 Qc4 34. b3 Qf1+ 35. Qd1 Bf4+ 36. Be3 Qxd1+ 37. Kxd1 Bxe3 {Precision: White = 28%, Black = 69%.} 0-1

[Event "92nd ARG-ch Final 2017"]
[Site "Buenos Aires"]
[Date "2017.10.22"]
[Round "11"]
[White "Villanueva, Mario"]
[Black "Pierrot, Facundo"]
[Result "1-0"]
[WhiteElo "2451"]
[BlackElo "2405"]
[Annotator "TA"]
[PlyCount "131"]
[EventDate "2017.10.12"]
[EventType "tourn"]
[EventCountry "ARG"]
[SourceTitle "playchess.com"]
[Source "ChessBase"]
[SourceQuality "1"]

{[%evp 14,131,19,3,33,33,28,25,37,37,46,32,45,35,80,68,95,95,99,52,88,16,56,63,84,19,26,22,27,26,70,71,62,63,66,64,90,86,97,92,100,105,89,79,105,110,114,102,103,102,124,115,119,123,119,119,111,101,116,120,131,128,114,121,118,113,116,116,224,224,212,224,217,220,223,225,216,214,208,197,181,189,289,200,217,210,255,252,255,255,251,243,265,243,244,251,256,241,247,219,220,219,350,275,347,347,317,268,345,331,335,343,343,334,334,233,443,430,378,373]} 1. e4 e5 2. Nf3 Nf6 3. Nxe5 d6 4. Nf3 Nxe4 5. Nc3 Nf6 6. d4 Be7 7. Bg5 {C42: Petroff Defence: 3 Nxe5 and unusual White 3rd moves} (7. Bd3 O-O 8. O-O Re8 9. Re1 Nbd7 10. Ne2 b6 11. c4 Bb7 12. Nc3 d5 13. Bf4 a6 14. Qb3 Nf8 15. cxd5 Nxd5 16. Nxd5 Bxd5 17. Bxc7 Bxb3 18. Bxd8 Raxd8 19. axb3 {½-½ (48) Nepomniachtchi,I (2751)-Jobava,B (2687) Tbilisi 2017}) 7... h6 8. Bf4 {LiveBook: 3 Games} c6 9. Bd3 {White is slightly better.} Na6 $146 {[%cal Bb8a6,Ba6c7,Bc7d5][%mdl 32]} ({Predecessor:} 9... Be6 10. Qd2 Qa5 11. Ne4 Qxd2+ 12. Nfxd2 Nxe4 13. Nxe4 Kd7 14. Ng3 Re8 {1-0 (23) Wells,D (2016)-Van Kemenade,R (1971) Liverpool 2008}) 10. a3 Be6 11. Ne2 Nc7 12. h3 Qd7 13. Ng3 Ncd5 14. Bd2 b5 15. O-O O-O 16. Re1 Rfe8 17. Nh4 (17. b3 $16) 17... Nh7 18. Nhf5 Bg5 19. h4 (19. a4 $16) 19... Bxd2 $11 20. Qxd2 Bxf5 21. Nxf5 Re6 22. a4 b4 23. Rxe6 fxe6 24. Ne3 Nhf6 25. Nxd5 Nxd5 26. Re1 a5 27. g3 Re8 28. Qe2 Re7 29. Bg6 Qc8 30. Qc4 Nb6 31. Qd3 Nd5 32. c4 bxc3 33. bxc3 Nf6 34. Kg2 Nd7 35. Qc4 Nf8 36. Be4 c5 {next ...d5 is good for Black.} 37. Bf3 d5 38. Qxc5 Qxc5 39. dxc5 $16 {[%mdl 4096] Endgame KRB-KRN} Rc7 40. c4 $1 {[%cal Rc4d5]} dxc4 (40... Rxc5 $16 41. cxd5 exd5) 41. c6 $18 Kf7 42. Rc1 Ke7 43. Rxc4 Kd6 44. Rd4+ Kc5 {[#]} 45. Rd8 $1 {[%cal Rd8f8]} Ng6 46. Rb8 Ne5 47. Rb5+ Kd4 (47... Kd6 {was necessary.} 48. Rxa5 Nxf3) 48. Rxa5 Rf7 49. Bh5 Rc7 50. Be8 Nxc6 51. Ra6 Ne5 52. Rd6+ Ke4 53. Rxe6 {[#] aiming for f4.} Kd5 54. Rb6 Rc2 55. Rb3 g5 56. hxg5 hxg5 57. Ra3 g4 (57... Ng4 {was called for.} 58. a5 Rxf2+ 59. Kh3 Ne5) 58. Bb5 Rb2 59. Ra1 Nf3 60. Bf1 Kc6 61. a5 {[%cal Ba4a5,Ba5a6][%mdl 32]} Kb7 62. a6+ Ka7 63. Rd1 Nd2 64. Re1 Ra2 $2 (64... Nxf1 65. Kxf1 (65. Rxf1 Kxa6 66. Ra1+ Kb5 $16) 65... Rb4) 65. Re7+ Kb6 66. Be2 {Precision: White = 74%, Black = 48%.} 1-0

[Event "92nd ARG-ch Final 2017"]
[Site "Buenos Aires"]
[Date "2017.10.22"]
[Round "11"]
[White "Slipak, Sergio"]
[Black "Pichot, Alan"]
[Result "1/2-1/2"]
[WhiteElo "2437"]
[BlackElo "2571"]
[Annotator "TA"]
[PlyCount "36"]
[EventDate "2017.10.12"]
[EventType "tourn"]
[EventCountry "ARG"]
[SourceTitle "playchess.com"]
[Source "ChessBase"]
[SourceQuality "1"]

{[%evp 12,36,10,-11,8,20,12,0,3,-4,9,3,8,3,4,2,133,128,169,85,86,93,235,233,223,228,186]} 1. e4 c5 2. c4 Nc6 3. Nc3 g6 4. g3 Bg7 5. Bg2 d6 6. d3 h5 {A36: Symmetrical English vs ...g6: 4 Bg2 Bg7} 7. h3 {LiveBook: 5 Games} h4 8. g4 f5 $146 {The position is equal.} ({Predecessor:} 8... e5 9. Nge2 Nd4 10. b4 Nxe2 11. Nxe2 Ne7 12. bxc5 dxc5 13. Nc3 Be6 14. Be3 {½-½ (22) Solak,D (2577)-Sutovsky,E (2665) Plovdiv 2010}) 9. gxf5 gxf5 10. Bg5 Bf6 11. Qd2 e5 12. Bxf6 Nxf6 13. f4 exf4 (13... fxe4 $11 {keeps the balance.} 14. O-O-O Qe7) 14. O-O-O $1 $16 Ne5 {[#]} 15. Nf3 (15. exf5 $1 $18 {Nf3 is the strong threat.} Rh5 16. Qxf4) 15... fxe4 16. dxe4 Be6 {[#]} ({Reject} 16... Nxc4 $6 17. Qe2 $11) (16... Bd7 $16) 17. Nb5 $1 $18 {[%cal Rb5d6]} ({Weaker is} 17. Qxd6 Qxd6 18. Rxd6 Ke7 $11) 17... Nf7 18. Qxf4 ({Not} 18. Nxd6+ Qxd6 19. Qxd6 Nxd6 $11) 18... Nh5 {Precision: White = 56%, Black = 25%.} 1/2-1/2